[Event "Online Olym Div3 B 2020"]
[Site "chess.com INT"]
[Date "2020.07.09"]
[Round "9.2"]
[Board "3"]
[White "Dahampriya, H K T Dewnethmie"]
[Black "Francis, Onkemetse"]
[Result "0-1"]
[BlackTitle "WIM"]
[WhiteElo "1868"]
[BlackElo "1781"]
[WhiteTeam "Sri Lanka"]
[BlackTeam "Botswana"]
[WhiteFideId "9931180"]
[BlackFideId "11301287"]
[EventDate "2020.07.07"]
[EventType "team"]

1. e4 d5 2. exd5 Qxd5 3. Nc3 Qd8 4. d4 Nf6 5. Nf3 Bf5 6. Bc4 e6 7. a3 Be7 8. h3
h6 9. O-O O-O 10. Re1 Nbd7 11. Qe2 Nb6 12. Bb3 c6 13. Nd1 Re8 14. c3 Qc7 15. Ne5
Nbd5 16. c4 Nb6 17. Bf4 Qd8 18. Qe3 Rc8 19. Nc3 Nbd7 20. d5 cxd5 21. cxd5 Bc5
22. Qd2 exd5 23. Nxd5 Nxe5 24. Bxe5 Ne4 25. Qf4 Bxf2+ 26. Kh1 Qg5 27. Rf1 Ng3+
28. Kh2 Nxf1+ 29. Rxf1 Qxf4+ 30. Bxf4 Bd4 31. Bd6 Be6 0-1

[Event "Online Olym Div3 B 2020"]
[Site "chess.com INT"]
[Date "2020.07.09"]
[Round "9.2"]
[Board "4"]
[White "Besa, Masaiti"]
[Black "Ranasinghe, S D"]
[Result "1-0"]
[WhiteTitle "WFM"]
[BlackTitle "WIM"]
[WhiteElo "1768"]
[BlackElo "1752"]
[WhiteTeam "Botswana"]
[BlackTeam "Sri Lanka"]
[WhiteFideId "11310570"]
[BlackFideId "9902651"]
[EventDate "2020.07.07"]
[EventType "team"]

1. d4 d5 2. Bg5 c6 3. Nf3 Nd7 4. Nbd2 Ngf6 5. e3 h6 6. Bh4 e6 7. Bd3 Be7 8. c3
b6 9. Qe2 Bb7 10. h3 Rc8 11. Bg3 c5 12. Ne5 Nxe5 13. Bxe5 O-O 14. e4 dxe4 15.
Nxe4 Nxe4 16. Bxe4 Bxe4 17. Qxe4 Bf6 18. Bxf6 Qxf6 19. dxc5 Rxc5 20. O-O Re5 21.
Qb7 Re2 22. Rab1 Qf5 23. Qxa7 Qc5 24. Qd7 Qf5 25. Qd4 b5 26. Rfe1 Rxe1+ 27. Rxe1
Ra8 28. a3 Ra4 29. Qe5 Qd3 30. Qe2 Qf5 31. Qe5 Qd3 32. Qe2 Qf5 33. Rd1 g6 34.
Qd2 Kg7 35. Qd3 Re4 36. Kf1 Qe5 37. f3 Rc4 38. Re1 Qf4 39. Qe3 Qh4 40. Qe5+ Kh7
41. Qxb5 Rf4 42. Qe5 Rf5 43. Qe2 Qg3 44. Qf2 Qh2 45. Qg1 Qb8 46. Qf2 Qb5+ 47.
Qe2 Qb3 48. Kf2 Qb6+ 49. Qe3 Qxb2+ 50. Re2 Qxa3 51. Qd4 Rc5 52. Qf6 Rf5 53. Qd4
h5 54. g4 Rd5 55. Qf4 Kg7 56. Rc2 Qb3 57. Qe4 hxg4 58. hxg4 f5 59. gxf5 gxf5 60.
Qe2 Kf6 61. c4 Qb6+ 62. Kg3 Rc5 63. Qd3 Qc7+ 64. Kg2 Qf4 65. Qc3+ e5 66. Qb4 Rc6
67. Qb5 Qg5+ 68. Kf2 Qh4+ 69. Kg2 Re6 70. Qd5 f4 71. c5 Qg3+ 72. Kf1 Qh3+ 73.
Rg2 Qh1+ 74. Kf2 Qh4+ 75. Ke2 Qh8 76. Rg6+ Kxg6 77. Qxe6+ Kg5 78. Qe7+ Kf5 79.
Qd7+ Kg5 80. Qe7+ Kf5 81. Qf7+ Kg5 82. c6 e4 83. Qe7+ Kh5 84. Qxe4 Qb2+ 85. Kd3
Qb3+ 86. Kd4 Qb4+ 87. Ke5 Qb8+ 88. Kd5 Qb5+ 89. Kd6 Qb8+ 90. Kd7 Qa7+ 91. c7
Qa4+ 92. Qc6 Qd1+ 93. Kc8 Qd4 94. Kb8 Qb4+ 95. Qb7 Qxb7+ 96. Kxb7 Kh4 97. c8=Q
Kg3 98. Qg4+ Kf2 99. Qxf4 Ke2 100. Qe4+ Kd2 101. f4 Kc3 102. f5 Kb3 103. Qc6 Kb4
104. Kb6 Kb3 105. Qc5 Kb2 106. Qc4 Ka3 107. Kb5 Kb2 108. Qd3 Ka1 109. Qc3+ Ka2
110. Kb4 Kb1 111. Qd3+ Ka1 112. f6 Kb2 113. Qc3+ Kb1 114. Qd2 Ka1 115. Kb3 Kb1
116. Qb2# 1-0

[Event "Online Olym Div3 B 2020"]
[Site "chess.com INT"]
[Date "2020.07.09"]
[Round "9.2"]
[Board "5"]
[White "Doluweera, Minul Sanjula"]
[Black "Elias Thabo"]
[Result "0-1"]
[WhiteTitle "FM"]
[BlackTitle "CM"]
[WhiteElo "2139"]
[BlackElo "1807"]
[WhiteTeam "Sri Lanka"]
[BlackTeam "Botswana"]
[WhiteFideId "9910760"]
[BlackFideId "11312610"]
[EventDate "2020.07.07"]
[EventType "team"]

1. d4 d6 2. Nf3 Bg4 3. h3 Bh5 4. e4 e6 5. c4 Nf6 6. Nc3 c6 7. Be3 Be7 8. Be2 Bg6
9. Nd2 d5 10. e5 Nfd7 11. O-O O-O 12. a4 a5 13. f4 f6 14. Nf3 Na6 15. cxd5 cxd5
16. exf6 gxf6 17. Nh4 f5 18. Nf3 Nb4 19. Ng5 Qb6 20. h4 Kh8 21. h5 Be8 22. Rc1
h6 23. Nh3 Nf6 24. Nf2 Rg8 25. Nd3 Nxd3 26. Qxd3 Ng4 27. Nb5 Nxe3 28. Qxe3 Bf6
29. Rfd1 Bxb5 30. Bxb5 Rac8 31. Rxc8 Rxc8 32. Kh1 Rc7 33. b3 Rg7 34. Be8 Qd6 35.
Bg6 Rc7 36. Rc1 Rc6 37. Rxc6 Qxc6 38. Qd2 b6 39. b4 axb4 40. Qxb4 Qc1+ 41. Kh2
Qxf4+ 42. Kh1 Qh4+ 43. Kg1 Bxd4+ 44. Qxd4+ Qxd4+ 45. Kh2 Qxa4 46. Kh3 Qa3+ 47.
Kh2 d4 48. Bf7 d3 49. Bxe6 d2 50. Bxf5 d1=Q 51. Bh3 Qdd6+ 52. Kg1 Qdg3 53. Kh1
Qc1# 0-1

[Event "Online Olym Div3 B 2020"]
[Site "chess.com INT"]
[Date "2020.07.09"]
[Round "9.2"]
[Board "6"]
[White "Gabatshwarwe Refilwe"]
[Black "Tharushi, T H D Niklesha"]
[Result "1-0"]
[WhiteTitle "WCM"]
[BlackTitle "WCM"]
[WhiteElo "1750"]
[BlackElo "1632"]
[WhiteTeam "Botswana"]
[BlackTeam "Sri Lanka"]
[WhiteFideId "11312734"]
[BlackFideId "9918264"]
[EventDate "2020.07.07"]
[EventType "team"]

1. d4 Nf6 2. Bf4 e6 3. e3 b6 4. Nf3 Bb7 5. Bd3 d6 6. c3 Nbd7 7. O-O Nh5 8. Bg3
Nxg3 9. hxg3 h5 10. Nbd2 g5 11. e4 h4 12. Nh2 c5 13. Qe2 Qf6 14. Ng4 Qg7 15. Qe3
O-O-O 16. a4 h3 17. a5 h2+ 18. Kh1 f5 19. exf5 e5 20. Be4 d5 21. Bf3 e4 22. Be2
Bd6 23. axb6 axb6 24. Ba6 Rdf8 25. Bxb7+ Kxb7 26. Qe2 Ra8 27. Ne3 Qf7 28. Qb5
Qxf5 29. Nxf5 Rh7 30. Nxd6+ 1-0

[Event "Online Olym Div3 B 2020"]
[Site "chess.com INT"]
[Date "2020.07.09"]
[Round "9.3"]
[Board "1"]
[White "Khusenkhojaev, Muhammad"]
[Black "Severino, Sander"]
[Result "1-0"]
[WhiteTitle "IM"]
[BlackTitle "FM"]
[WhiteElo "2399"]
[BlackElo "2364"]
[WhiteTeam "Tajikistan"]
[BlackTeam "IPCA"]
[WhiteFideId "14700247"]
[BlackFideId "5204100"]
[EventDate "2020.07.07"]
[EventType "team"]

1. Nf3 Nf6 2. c4 e6 3. g3 d5 4. d4 Be7 5. Bg2 O-O 6. O-O c6 7. Qc2 b6 8. Rd1 Bb7
9. b3 Nbd7 10. Nc3 Rc8 11. e4 dxe4 12. Ng5 c5 13. dxc5 Bxc5 14. Ncxe4 Bxe4 15.
Nxe4 Nxe4 16. Bxe4 h6 17. Bb2 Qe7 18. Qe2 Nf6 19. Bc2 Ba3 20. Be5 Rfd8 21. Rxd8+
Rxd8 22. Rd1 Bc5 23. Rd3 Rxd3 24. Bxd3 Qd8 25. Bc2 a5 26. h4 h5 27. Bc3 Bb4 28.
Bb2 Bc5 29. Bc3 Bb4 30. Qe1 Bxc3 31. Qxc3 Qd6 32. Kg2 e5 33. Qe3 g6 34. Be4 Kg7
35. Bf3 Qc5 36. Qc3 Qd6 37. Kf1 Kf8 38. Ke2 Kg7 39. Qb2 Kf8 40. Qc3 Kg7 41. Qe3
Qa3 42. Qd2 Qc5 43. Qb2 Qd6 44. Kf1 Kf8 45. a3 e4 46. Be2 e3 47. f4 Ne4 48. Kg2
Nd2 49. Bf3 Qd3 50. Qh8+ Ke7 51. Qe5+ Kd7 52. Qd5+ Qxd5 53. Bxd5 Ke7 54. b4 a4
55. c5 bxc5 56. bxc5 f5 57. c6 Kd6 58. Bf7 Nc4 59. Bxc4 1-0

[Event "Online Olym Div3 B 2020"]
[Site "chess.com INT"]
[Date "2020.07.09"]
[Round "9.3"]
[Board "2"]
[White "Obodchuk, Andrei"]
[Black "Karimov, Alisher"]
[Result "1-0"]
[WhiteTitle "IM"]
[BlackTitle "FM"]
[WhiteElo "2299"]
[BlackElo "2222"]
[WhiteTeam "IPCA"]
[BlackTeam "Tajikistan"]
[WhiteFideId "4114310"]
[BlackFideId "14700280"]
[EventDate "2020.07.07"]
[EventType "team"]

1. d4 Nf6 2. c4 e6 3. Nf3 b6 4. Nc3 Bb7 5. a3 d5 6. cxd5 Nxd5 7. Bd2 Nd7 8. Qc2
Nxc3 9. Bxc3 Nf6 10. Ne5 Be7 11. Qa4+ c6 12. e3 Qd5 13. Be2 O-O 14. Bf3 Ne4 15.
Qc2 f5 16. O-O Bd6 17. Rfd1 Ba6 18. b4 Rad8 19. Rac1 Bxe5 20. dxe5 Qc4 21. Rd4
Qxc3 22. Qxc3 Nxc3 23. Rxc3 Rxd4 24. exd4 Bb5 25. g4 g6 26. gxf5 gxf5 27. Bxc6
Bxc6 28. Rxc6 Rd8 29. Rxe6 Rxd4 30. Kg2 Rd3 31. Rf6 Rxa3 32. Rxf5 Ra1 33. f4 Kg7
34. Kf3 Rb1 35. e6 Re1 36. Rf7+ Kh6 37. f5 Kg5 38. e7 a5 39. bxa5 bxa5 40. f6 a4
41. Rf8 a3 42. e8=Q Rf1+ 43. Kg2 1-0

[Event "Online Olym Div3 B 2020"]
[Site "chess.com INT"]
[Date "2020.07.09"]
[Round "9.3"]
[Board "3"]
[White "Antonova, Nadezhda"]
[Black "Aleksandrova, Aleksandra"]
[Result "1-0"]
[WhiteTitle "WFM"]
[BlackTitle "WFM"]
[WhiteElo "1877"]
[BlackElo "1791"]
[WhiteTeam "Tajikistan"]
[BlackTeam "IPCA"]
[WhiteFideId "14700182"]
[BlackFideId "4144198"]
[EventDate "2020.07.07"]
[EventType "team"]

1. d4 d5 2. Nf3 e6 3. e3 Bd6 4. Bd3 Nd7 5. O-O Ngf6 6. Nbd2 O-O 7. Qe2 c5 8. c3
c4 9. Bc2 b5 10. e4 dxe4 11. Nxe4 Nxe4 12. Qxe4 Nf6 13. Qxa8 Qc7 14. Be4 Bd7 15.
Qb7 Qa5 16. Bxh7+ Kxh7 17. Ng5+ Kg6 18. Qf3 Qc7 19. g3 Bc6 20. Qe2 Qb7 21. f3
Qc7 22. Qc2+ Kh5 23. g4+ Kh4 24. Qf2+ Bg3 25. hxg3+ Qxg3+ 26. Qxg3+ Kxg3 27. Rf2 1-0

[Event "Online Olym Div3 B 2020"]
[Site "chess.com INT"]
[Date "2020.07.09"]
[Round "9.3"]
[Board "4"]
[White "Jennitha, Anto K."]
[Black "Hotami, Mutriba"]
[Result "1-0"]
[WhiteTitle "WIM"]
[WhiteElo "2001"]
[BlackElo "1837"]
[WhiteTeam "IPCA"]
[BlackTeam "Tajikistan"]
[WhiteFideId "5018218"]
[BlackFideId "14700204"]
[EventDate "2020.07.07"]
[EventType "team"]

1. e4 c5 2. Nf3 d6 3. d4 cxd4 4. Nxd4 Nf6 5. Nc3 g6 6. Be3 Bg7 7. f3 a6 8. Qd2
Nbd7 9. Bc4 b5 10. Bb3 Bb7 11. O-O-O Nc5 12. Kb1 Nfd7 13. Nde2 Rc8 14. h4 Ne5
15. Bd4 Nxb3 16. axb3 Rg8 17. Qe3 Qc7 18. Rd2 Bc6 19. Nd5 Qb7 20. Bxe5 Bxe5 21.
f4 Bg7 22. Rhd1 a5 23. g3 b4 24. Qf3 Ra8 25. Nd4 Bd7 26. Ne3 a4 27. Nc4 a3 28.
bxa3 bxa3 29. Ka2 h5 30. f5 Qb4 31. Rd3 Bb5 32. Nxb5 Qxb5 33. Rd5 Qb4 34. Qd3
Rc8 35. e5 Bxe5 36. Nxe5 dxe5 37. Rd8+ 1-0

[Event "Online Olym Div3 B 2020"]
[Site "chess.com INT"]
[Date "2020.07.09"]
[Round "9.3"]
[Board "5"]
[White "Sharifov, Mekhriddin"]
[Black "Lipilin, Ilia"]
[Result "0-1"]
[BlackTitle "FM"]
[WhiteElo "1922"]
[BlackElo "2189"]
[WhiteTeam "Tajikistan"]
[BlackTeam "IPCA"]
[WhiteFideId "14701545"]
[BlackFideId "54113245"]
[EventDate "2020.07.07"]
[EventType "team"]

1. e4 c5 2. Nf3 Nc6 3. d4 cxd4 4. Nxd4 e5 5. Nb5 d6 6. N1c3 a6 7. Na3 b5 8. Nd5
Nce7 9. c4 Nxd5 10. exd5 bxc4 11. Nxc4 f5 12. Be2 Be7 13. Qa4+ Bd7 14. Qa3 Nf6
15. Bd2 O-O 16. Ba5 Qb8 17. O-O Nxd5 18. Rfd1 Be6 19. Rxd5 Bxd5 20. Nb6 Be6 21.
Nxa8 Qxa8 22. Bb4 Qc6 23. Qxa6 Qxa6 24. Bxa6 Ra8 25. Bd3 e4 26. Bc2 Rxa2 27.
Rxa2 Bxa2 28. b3 Kf7 29. Kf1 d5 30. Bxe7 Kxe7 31. f3 Kd6 32. Ke2 Kc5 33. fxe4
dxe4 34. Ke3 Kb4 35. g4 g6 36. Bb1 Bxb1 0-1

[Event "Online Olym Div3 B 2020"]
[Site "chess.com INT"]
[Date "2020.07.09"]
[Round "9.3"]
[Board "6"]
[White "Dorozhkina, Mariya"]
[Black "Abrorova, Sabrina"]
[Result "0-1"]
[WhiteTitle "WFM"]
[WhiteElo "1705"]
[BlackElo "1788"]
[WhiteTeam "IPCA"]
[BlackTeam "Tajikistan"]
[WhiteFideId "54132185"]
[BlackFideId "14701553"]
[EventDate "2020.07.07"]
[EventType "team"]

1. d4 Nf6 2. c4 g6 3. Nc3 Bg7 4. e4 d6 5. f3 O-O 6. Be3 Nbd7 7. Qd2 c5 8. Bd3
Ng4 9. fxg4 cxd4 10. Bh6 dxc3 11. bxc3 Ne5 12. g5 Be6 13. Bxg7 Kxg7 14. Be2 Qc7
15. Qd4 Bxc4 16. h4 Qc5 17. Bxc4 Qxc4 18. Qxc4 Nxc4 19. h5 Rac8 20. h6+ Kg8 21.
Rh3 Rc5 22. Rg3 Re5 23. Ke2 Rxe4+ 24. Kd3 d5 25. Nf3 Re3+ 26. Kd4 Rd8 27. Rb1 b6
28. Rg4 e5+ 29. Nxe5 Rxe5 30. Rb4 Re2 31. Kd3 Rd2# 0-1

[Event "Online Olym Div3 B 2020"]
[Site "chess.com INT"]
[Date "2020.07.09"]
[Round "9.4"]
[Board "2"]
[White "Silva, David"]
[Black "Murad, Abdulla"]
[Result "1-0"]
[WhiteTitle "IM"]
[WhiteElo "2258"]
[BlackElo "1872"]
[WhiteTeam "Angola"]
[BlackTeam "United Arab Emirates"]
[WhiteFideId "10101314"]
[BlackFideId "9300970"]
[EventDate "2020.07.07"]
[EventType "team"]

1. e4 c6 2. d4 d5 3. exd5 cxd5 4. c4 Nf6 5. Nc3 g6 6. Nf3 Bg7 7. cxd5 Nxd5 8.
Bb5+ Bd7 9. Bxd7+ Qxd7 10. O-O O-O 11. Qb3 Nb6 12. a4 Nc6 13. a5 Nc8 14. d5 Nd4
15. Nxd4 Bxd4 16. Bh6 Rd8 17. Rad1 Bg7 18. Bxg7 Kxg7 19. Rfe1 Nd6 20. Ne4 Nxe4
21. Rxe4 Rac8 22. h3 Rc5 23. Qe3 Rxd5 24. Rxd5 Qxd5 25. Rxe7 Qd1+ 26. Kh2 Qd6+
27. f4 Rb8 28. Qe5+ Qxe5 29. fxe5 Kf8 30. Rc7 a6 31. e6 fxe6 32. Rxh7 b5 33.
Rh8+ 1-0

[Event "Online Olym Div3 B 2020"]
[Site "chess.com INT"]
[Date "2020.07.09"]
[Round "9.4"]
[Board "3"]
[White "Mariam, Essa"]
[Black "Caxita, Esperanca"]
[Result "1-0"]
[BlackTitle "WIM"]
[WhiteElo "1561"]
[BlackElo "1882"]
[WhiteTeam "United Arab Emirates"]
[BlackTeam "Angola"]
[WhiteFideId "9306480"]
[BlackFideId "10100903"]
[EventDate "2020.07.07"]
[EventType "team"]

1. e4 d5 2. exd5 Qxd5 3. Nc3 Qd6 4. d4 Nf6 5. Bc4 a6 6. Nf3 Bg4 7. Bxf7+ Kxf7 8.
Ne5+ Ke8 9. Nxg4 Nc6 10. Be3 Rd8 11. Nxf6+ exf6 12. Qe2 Be7 13. O-O-O Kf7 14.
Qc4+ Kf8 15. Ne4 Qd5 16. Qxd5 Rxd5 17. c4 Rd8 18. d5 Ne5 19. b3 b5 20. d6 cxd6
21. cxb5 axb5 22. Rd5 b4 23. Rhd1 Kf7 24. Nxd6+ Ke6 25. Bc5 Nf7 26. Nxf7 Rxd5
27. Re1+ Kxf7 28. Rxe7+ Kg6 29. Bxb4 Rc8+ 30. Kb2 Rf5 31. Re2 Rb5 32. Bd2 Ra8
33. a3 Rb7 34. Re4 Kf5 35. f3 Rd8 36. Bc3 Rd3 37. a4 Rc7 38. Be1 Rd1 39. Bc3 Rd3
40. Be1 Rd1 41. a5 Rcc1 42. Bc3 Ra1 43. b4 Rdb1+ 44. Kc2 Rc1+ 45. Kb3 Rab1+ 46.
Ka2 Rg1 47. a6 Rbc1 48. a7 Rxc3 49. a8=Q Rxg2+ 50. Kb1 Rb3+ 51. Kc1 Rc3+ 52. Kd1
Rxf3 53. Qd5+ Kg6 54. Rg4+ Rxg4 55. Qxf3 Rxb4 56. Qd3+ Kf7 57. Qxh7 Rb5 58. Ke2
Rg5 59. Kf3 f5 60. h4 Rg6 61. h5 Rg5 62. Kf4 Kf6 63. Qh8 Rg4+ 64. Kf3 Kf7 65.
Qh7 Kf6 66. Qg8 Rg5 67. Qd8+ 1-0

[Event "Online Olym Div3 B 2020"]
[Site "chess.com INT"]
[Date "2020.07.09"]
[Round "9.4"]
[Board "4"]
[White "Junior, Ednasia"]
[Black "Rayan, Mohammad Ali Hassan"]
[Result "1-0"]
[WhiteTitle "WFM"]
[WhiteElo "1808"]
[BlackElo "1479"]
[WhiteTeam "Angola"]
[BlackTeam "United Arab Emirates"]
[WhiteFideId "10105980"]
[BlackFideId "9306145"]
[EventDate "2020.07.07"]
[EventType "team"]

1. e4 e5 2. Nf3 Nf6 3. Bc4 Nxe4 4. O-O d6 5. d4 exd4 6. Qxd4 Nc5 7. Bg5 f6 8.
Re1+ Be7 9. Bh4 Nc6 10. Qd5 Ne5 11. Nxe5 fxe5 12. Qf7+ Kd7 13. Rxe5 dxe5 14. Nc3
Qf8 15. Rd1+ Kc6 16. Qd5+ Kb6 17. Na4+ Ka5 18. Bxe7 Qxe7 19. Nxc5 b5 20. Nb3+ 1-0

[Event "Online Olym Div3 B 2020"]
[Site "chess.com INT"]
[Date "2020.07.09"]
[Round "9.4"]
[Board "6"]
[White "Paulo, Jemima"]
[Black "Fatima, Saif Al-Ali"]
[Result "1-0"]
[BlackTitle "WCM"]
[WhiteElo "1599"]
[BlackElo "1354"]
[WhiteTeam "Angola"]
[BlackTeam "United Arab Emirates"]
[WhiteFideId "10110836"]
[BlackFideId "9312420"]
[EventDate "2020.07.07"]
[EventType "team"]

1. c4 e6 2. Nc3 d5 3. d4 Nf6 4. Nf3 Be7 5. e3 O-O 6. a3 b6 7. Be2 dxc4 8. Bxc4
Bb7 9. O-O Nbd7 10. Re1 c5 11. d5 exd5 12. Nxd5 Nxd5 13. Bxd5 Bxd5 14. Qxd5 Nf6
15. Qb3 Qc7 16. Bd2 Ne4 17. Rac1 Bd6 18. Bc3 Nxc3 19. Qxc3 Rac8 20. Rcd1 Rfe8
21. Rd5 Re6 22. Red1 h6 23. h3 Rce8 24. Qc2 Be5 25. Rd7 Qb8 26. Qb3 Bf6 27. Qb5
R6e7 28. Qc4 Bxb2 29. Nh4 Qe5 30. Ng6 Kh7 31. Nxe5 1-0